Statistics for KPOP Group Leader!

Click here to take the quiz!

General Stats

  • This quiz has been taken 1,779 times
  • The average score is 8 of 15

Answer Stats

Hint Answer % Correct
BTSRapmon
96%
ExoSuho
89%
Big BangG-Dragon
89%
Got7JB
87%
SnsdTaeyeon
74%
VixxN
72%
F(x)Victoria
62%
SistarHyorin
49%
ApinkChorong
42%
B.A.PYongguk
38%
ShinhwaEric
26%
Girl's DaySojin
25%
4minuteJIhyun
23%
B2STDoogoon
3%
Hello VenusYooara
3%

Score Distribution

Percentile by Number Answered

Percent of People with Each Score

Your Score History

You have not taken this quiz